Statistics for Spanish Vocab Realidades 3 2-2

Click here to take the quiz!

General Stats

  • This quiz has been taken 7 times
  • The average score is 22 of 76

Answer Stats

HintAnswer% Correct
concertel concierto
75%
comedyla comedia
75%
to dancebailar
50%
to singcantar
50%
to go to sleep; fall asleepdormirse
50%
actorel actor
50%
actressla actriz
50%
lightla luz
50%
musicla música
50%
longlargo
50%
voicela voz
50%
to get boredaburrirse
25%
to actactuar
25%
to clapaplaudir
25%
classicalclásico
25%
to stand outdestacarse
25%
to have fundivertirse
25%
applauseel aplauso
25%
plotel argumento
25%
auditoriumel auditorio
25%
male dancerel bailarín
25%
male singerel cantante
25%
rhythm (beat)el compás
25%
band (small musical ensemble)el conjunto
25%
choirel coro
25%
male criticel crítico
25%
male directorel director
25%
dramael drama
25%
rehearsalel ensayo
25%
enthusiasmel entusiasmo
25%
stageel escenario
25%
the showel espectáculo
25%
leading manel galán
25%
gestureel gesto
25%
microphoneel micrófono
25%
movementel movimiento
25%
male musicianel músico
25%
stepel paso
25%
character (in a play/movie)el personaje
25%
rhythm (general concept)el ritmo
25%
drumel tambor
25%
touching (feeling)emocionante
25%
to rehearseensayar
25%
based onestar basado en
25%
to exaggerateexagerar
25%
looseflojo
25%
to scream, to yellgritar
25%
to play the role ofhacer el papel de
25%
to play the role of the main characterhacer el papel principal
25%
to identify oneself withidentificarse con
25%
incredibleincreíble
25%
unforgettableinolvidable
25%
to interpretinterpretar
25%
actingla actuación
25%
female dancerla bailarina
25%
bandla banda
25%
songla canción
25%
female singerla cantante
25%
female criticla crítica
25%
dancela danza
25%
female directorla directora
25%
ticketla entrada
25%
scenela escena
25%
interpretation; performancela interpretación
25%
lyricsla letra
25%
melodyla melodía
25%
female musicianla música
25%
play (theatre)la obra de teatro
25%
orchestrala orquesta
25%
trumpetla trompeta
25%
special effectslos efectos especiales
25%
more or lessmás o menos
25%
talentedtalentoso
25%
to be successfultener éxito
25%
to play the pianotocar el piano
25%
to play the guitartocar la guitarra
25%

Score Distribution

Percentile by Number Answered

Percent of People with Each Score

Your Score History

You have not taken this quiz